000 00307nam a22001457a 4500
008 210426b ||||| |||| 00| 0 eng d
020 _a0387971661
041 _aeng
080 _a618
082 _a618
100 _a10
101 _aGJIN
245 _aEndocrine Pathology
_cLloyd,R.V
942 _2udc
_cBK
999 _c56715
_d56715